History Quiz

Random History or Biography Quiz

Who Am I? Famous People Quiz Stats

 Plays Quiz Updated Jul 31, 2019

Score 0/20 Timer 05:00
3 Plays Today
% Correct
Walt Disney
Mickey Mouse Creator
93.9%
Bill Gates
Microsoft Co-Founder
93.8%
Abraham Lincoln
Tallest President
93.3%
Mark Zuckerberg
Facebook Co-Founder
92.6%
William Shakespeare
'Romeo & Juliet'
91.9%
Vincent van Gogh
Starry Night Painter
88.4%
Benjamin Franklin
Kite Experiment 1752
86.8%
Catherine The Great
Empress Of Russia
86.8%
Ronald Reagan
Berlin Wall Speech
85.9%
John F. Kennedy
'Navy' President
84.8%
% Correct
Leonardo Da Vinci
Mona Lisa Painter
84.3%
Jack Ma Yun
Alibaba Co-Founder
82.2%
Larry Page
Google Co-Founder
77.5%
Isaac Newton
Discovered Gravity
75.1%
Jane Austen
'Pride & Prejudice'
72.8%
Lewis Carroll
'Alice In Wonderland'
70.1%
Thomas Edison
Light Bulb Inventor
69.4%
Marie Curie
Physicist and Chemist
65.1%
Rosalind Franklin
DNA Research
63.4%
Michelangelo
Sistine Chapel Painter
56.7%

You're not logged in!

Compare scores with friends on all Sporcle quizzes.
OR
Log In

Sporcle TV

Today on Sporcle TV


Watch our educational content, quiz creation guides, and fun videos on Sporcle TV.

Show Comments

Extras

Top Quizzes Today


Score Distribution

Your Account Isn't Verified!

In order to create a playlist on Sporcle, you need to verify the email address you used during registration. Go to your Sporcle Settings to finish the process.

Report this User

Report this user for behavior that violates our Community Guidelines.

Details: